Pays les plus chers - Statistiques

Statistiques générales
  • Ce quiz a été pris 5 044 fois
  • Le résultat moyen est 10 sur 20
Statistiques - réponses
Ratio Pays % Correct
1.25 Suisse
81%
1.04 Norvège
75%
0.98 Suède
75%
1.03 Australie
73%
1.00 Etats-Unis
72%
1.04 Finlande
72%
1.12 Danemark
67%
1.22 Islande
65%
1.02 Nouvelle-Zélande
64%
1.04 Luxembourg
63%
0.96 Autriche
46%
1.01 Bahamas
34%
1.04 Tuvalu
29%
1.02 Îles Marshall
28%
1.04 Micronésie
27%
1.10 Vanuatu
27%
1.08 Israël
26%
1.08 Palaos
26%
1.03 Salomon
26%
0.96 Barbade
23%
Aucun quiz correspondant
Distribution des résultats
% des personnes avec chaque résultat
Percentile par nombre de réponses
Votre historique - résultats
Vous n’avez pas pris ce quiz